Agricultural potential of the sweet potato (ipomoea batatas L. (Lam.)) for forage production and sweet patato vines as a feed for growing goats

Wedi'i Gadw mewn:
Manylion Llyfryddiaeth
Prif Awdur: Vo, Lam
Fformat: Llyfr
Iaith:Undetermined
Cyhoeddwyd: Swedish Swedish Universitynof Agricultural Sciences Department of Animal Nutrition and Management 2003
Pynciau:
Tagiau: Ychwanegu Tag
Dim Tagiau, Byddwch y cyntaf i dagio'r cofnod hwn!
Thư viện lưu trữ: Trung tâm Học liệu Trường Đại học Cần Thơ
LEADER 00661nam a2200193Ia 4500
001 CTU_122505
008 210402s9999 xx 000 0 und d
082 |a 636.3908955 
082 |b L120 
100 |a Vo, Lam 
245 0 |a Agricultural potential of the sweet potato (ipomoea batatas L. (Lam.)) for forage production and sweet patato vines as a feed for growing goats 
245 0 |c Vo Lam 
260 |a Swedish 
260 |b Swedish Universitynof Agricultural Sciences Department of Animal Nutrition and Management 
260 |c 2003 
650 |a Goats 
650 |x Feeding 
904 |i M.Loan 
980 |a Trung tâm Học liệu Trường Đại học Cần Thơ